| 000 | 00660nam a2200253 a 4500 | ||
|---|---|---|---|
| 008 | |||
| 020 | _a0393064204 (pbk.) | ||
| 049 | _aMAIN | ||
| 090 |
_aHN18 _bWAR |
||
| 100 | 1 | _aWard, Barbara. | |
| 245 | 1 |
_aThe home of man / _cBarbara Ward. |
|
| 260 |
_aNew York : _bNorton, _cc1976. |
||
| 300 |
_axii, 297 p. : _bill. ; _c22 cm. |
||
| 500 | _aIncludes index. | ||
| 650 | 0 | _aUrbanization. | |
| 650 | 0 | _aHuman ecology. | |
| 650 | 0 | _aForecasting. | |
| 650 | 0 | _aSocial policy. | |
| 907 |
_a.b1001116x _b04-10-12 _c17-04-03 |
||
| 003 | |||
| 005 | 20230123133124.0 | ||
| 040 | _cNUST | ||
| 942 |
_cBOOKS _kHN18 _mWAR |
||
| 999 |
_c143121 _d143121 |
||